| 000 | 00702cam a2200277 4500 | ||
|---|---|---|---|
| 008 | 090401t1995 xxu||||| |||| 00| 0 eng d | ||
| 020 | _a0750621346 | ||
| 035 | _a(Sirsi) u79103 | ||
| 041 | _aeng | ||
| 050 | _a621.31042 | ||
| 100 | _aSteward, W.E. | ||
| 245 | _aModern wiring practice : design and installation. | ||
| 250 | _a12th ed. | ||
| 260 |
_aOxford _bNewnes _c1995 |
||
| 300 | _ax,340p. : ill. ; 21cm. | ||
| 350 | _a16.99 | ||
| 650 | _aELECTRICAL INSTALLATION | ||
| 650 | _aIEE WIRING REGULATIONS | ||
| 650 | _aWIRING | ||
| 690 |
_aBlock management _96220 |
||
| 700 | _aStubbs, T.A. | ||
| 700 | _aMarks, T. | ||
| 700 | _aClarke, Steve | ||
| 942 | _n0 | ||
| 948 | _c20/06/1997 | ||
| 999 |
_c96501 _d96501 |
||